000
00214 a2200109 4500
020
_a
1562701665
041
_a
spa
100
_a
Green, Susan
245
_a
Me gusta pintar y dibujar
942
_c
BK
999
_c
29578
_d
29576
999
_d
29576